00501nam a22001697a 450000500170000001000150001702000270003203500140005903700130007308200150008610000150010124500530011625000100016926000590017927000730023830000200031120230912150930.0 aENG-137918 c1055.00a9789357050487 aEN-121450 bDBAD/PUB a5122First aSharma, Om aJEE Advanced Mathematics Algebra /cBy Om Sharma aFirst aNoidabPearson India Education Services Pvt Ltdc2024 aIst Floor, Berger Tower, Plot No C-001A/2 Sector 16B bNoidae201301 avpp.c28cm(pbk)